Research in psychopathology : (Record no. 31011)
[ view plain ]
| 000 -LEADER | |
|---|---|
| fixed length control field | 02296cam a22003011 4500 |
| 001 - CONTROL NUMBER | |
| control field | 31011 |
| 003 - CONTROL NUMBER IDENTIFIER | |
| rucl marc code | BD-RjUL |
| 005 - DATE AND TIME OF LATEST TRANSACTION | |
| control field | 20211209051641.0 |
| 008 - FIXED-LENGTH DATA ELEMENTS--GENERAL INFORMATION | |
| fixed length control field | 140413t1963 nyua 000 0 eng d |
| 035 ## - SYSTEM CONTROL NUMBER | |
| System control number | (BD-RjUL)31098 |
| System control number | (OCoLC)14625650 |
| 040 ## - CATALOGING SOURCE | |
| Original cataloging agency | DLC |
| Transcribing agency | DNLM |
| Modifying agency | TxShA |
| -- | OCoLC |
| -- | IaPeC |
| -- | Uk |
| -- | OCoLC |
| -- | DLC |
| -- | BD-RjUL |
| Language of cataloging | eng |
| 041 ## - LANGUAGE CODE | |
| Language code of text/sound track or separate title | eng |
| 060 0# - NATIONAL LIBRARY OF MEDICINE CALL NUMBER | |
| Classification number | WM 100 |
| Item number | Q7r 1963 |
| 082 04 - DEWEY DECIMAL CLASSIFICATION NUMBER | |
| Classification number | 132 |
| Author mark and year | RES 1963 |
| 245 10 - TITLE STATEMENT | |
| Title | Research in psychopathology : |
| Remainder of title | selected readings / |
| Statement of responsibility, etc. | edited by Herbert C. quay |
| 260 ## - PUBLICATION, DISTRIBUTION, ETC. (IMPRINT) | |
| Place of publication, distribution, etc. | Princeton, N.J. : |
| Name of publisher, distributor, etc. | Nostrand, |
| Date of publication, distribution, etc. | c1963. |
| 300 ## - PHYSICAL DESCRIPTION | |
| Pagination | viii, 216 p. : |
| Illustrations | ill. ; |
| Size | 17 cm. |
| 490 0# - SERIES STATEMENT | |
| Series statement | An Insight book, |
| Volume/sequential designation | no. 11 |
| 505 0# - FORMATTED CONTENTS NOTE | |
| Formatted contents note | The reliability of psychiatric diagnosis: a new look / Herman O. Schmidt, Charles P. Fonda -- Some personality correlates of stimulus generalization under stress / Charles W. Eriksen -- Conditioning and personality: a study of normal and neurotic subjects / Cyril M. Franks -- A note on the differentiation of normal and neurotic children by means of objective tests / H. J. Eysenck, D. B. Prell -- Factors in parental behavior and personality as related to problem behavior in children / Wesley C. Becker, Donald R. Peterson, Leo A. Hellmer, Donald J. Shoemaker, Herbert C. Quay -- Symptom patterns in a group of mental hospital patients / J. R. Wittenborn -- A genetic approach to the interpretation and evaluation of the process-reactive distinction in schizophrenia / Wesley C. Becker -- Schizophrenic intellectual impairment; uniform or differential? / Arnold Binder. |
| Formatted contents note | "Conceptual level" vs. "Conceptual area" analysis of object-sorting behavior of schizophrenic and nonpsychiatric groups / Laurence S. McGaughran, Louis J. Moran -- The parental attitudes of mothers of schizophrenics / Marvin Zuckerman, Mary Oltean, Irwin Monashkin -- A comparative study of the personal histories of schizophrenic and nonpsychiatric patients / William Schofield, Lucy Balian -- A study of anxiety in the sociopathic personality / David T. Lykken -- Retention in psychopathic, neurotic, and normal subjects / Lewis J. Sherman. |
| 650 #0 - SUBJECT ADDED ENTRY--TOPICAL TERM | |
| Topical term or geographic name as entry element | Psychology, Pathological. |
| 9 (RLIN) | 94279 |
| Topical term or geographic name as entry element | Psychology |
| General subdivision | Research. |
| 9 (RLIN) | 94280 |
| 700 1# - ADDED ENTRY--PERSONAL NAME | |
| Personal name | Quay, Herbert C. |
| 942 ## - ADDED ENTRY ELEMENTS (KOHA) | |
| Source of classification or shelving scheme | Dewey Decimal Classification |
| Koha item type | Books |
| Lost status | Source of classification or shelving scheme | Damaged status | Not for loan | Collection code | Permanent Location | Current Location | Shelving location | Date acquired | Source of acquisition | Cost, normal purchase price | Total Checkouts | Full call number | Date last seen | Copy number | Koha item type |
|---|---|---|---|---|---|---|---|---|---|---|---|---|---|---|---|
| Dewey Decimal Classification | Non-fiction | Central Library, University of Rajshahi | Central Library, University of Rajshahi | Reading Room | 17/02/1966 | Miza book agency | 9.75 | 132 RES 1963 | 13/04/2014 | C-1 | Books |